000 00719nam a2200229Ia 4500
008 100315s9999 xx 000 0 und d
020 _a071313383X 
040 _cENGLISH 
082 _b7046 
_a658.4 
100 _a"Boot, R.L., Cowling, A.G., Stanworth, M.J.K. "
245 _aBehavioural Sciences for Managers
260 _aLondon 
_bEDWARD ARNOLD  
_c1977 
300 _a232 
365 _eRupees 
_d
_b0.00 
366 _f
505 _gRamakant Amar Navghare 
620 _a"Behavioural sciences, Social sciences, Management. "
630 _aBehavioural Sciences for Managers
650 _aOrganizational Behaviour 
730 _aBehavioural Sciences for Managers
942 _cBOOK
999 _c481781
_d481778